Chelsea wives

Bibliographic Details
Main Author: Weatherley, Anna_Louise
Format: Book
Published: London : Avon , 2012
Subjects:

MARC

LEADER 00000cam a2200000 7i4500
001 0000004072
005 20160126.0
020 0 0 |a 9781847563309 
090 0 0 |a 823.92   |b ANN 
100 0 0 |a Weatherley, Anna_Louise 
245 1 0 |a Chelsea wives   |c Anna-Lou Weatherley 
260 0 0 |a London :   |b Avon ,   |c 2012 
300 |a 456 p. ;   |c 20cm. 
650 0 0 |a English fiction 
998 |a JPSM 
999 |a 007882   |b Monograph   |c Open Shelf   |e Default branch